Southville International School and Colleges
Your cart is empty.
  • Cart
  • Lists
    Public lists Eva Luna New books Lux_list list_1
    Your lists Log in to create your own lists
  • Log in to your account
  • Your cookies
  • Search history
Southville International School and Colleges
  • Advanced search
  • Recent comments
  • Most popular
  • Libraries

Log in to your account

Log in with GOOGLE


If you do not have an external account, but do have a local account, you can still log in:

  1. Home
  2. MARC view: Grammar skills 5 /
Normal view MARC view ISBD view

Grammar skills 5 / (Record no. 11732)

[ view plain ]
MARC details
000 -LEADER
fixed length control field 00619nam a22002177a 4500
003 - CONTROL NUMBER IDENTIFIER
control field OSt
005 - DATE AND TIME OF LATEST TRANSACTION
control field 20140310182315.0
008 - FIXED-LENGTH DATA ELEMENTS--GENERAL INFORMATION
fixed length control field 130920t xxu||||| |||| 00| 0 eng d
020 ## - INTERNATIONAL STANDARD BOOK NUMBER
International Standard Book Number 9789814070621
050 ## - LIBRARY OF CONGRESS CALL NUMBER
Classification number PE 1128
Item number .Al425g5 2005
082 ## - DEWEY DECIMAL CLASSIFICATION NUMBER
Classification number GS 428
Item number Al5 2005
100 ## - MAIN ENTRY--PERSONAL NAME
Personal name Allen, Rosemary
9 (RLIN) 21020
245 ## - TITLE STATEMENT
Title Grammar skills 5 /
Statement of responsibility, etc Rosemary Allen.
260 ## - PUBLICATION, DISTRIBUTION, ETC. (IMPRINT)
Place of publication, distribution, etc Singapore :
Name of publisher, distributor, etc Learners Publiching,
Date of publication, distribution, etc 2005.
300 ## - PHYSICAL DESCRIPTION
Extent 118 p. :
Other physical details ill. ;
Dimensions 26 cm.
650 ## - SUBJECT ADDED ENTRY--TOPICAL TERM
Topical term or geographic name as entry element Englich language
Form subdivision Grammar
General subdivision Problems, exercises, etc.
9 (RLIN) 21021
942 ## - ADDED ENTRY ELEMENTS (KOHA)
Source of classification or shelving scheme Library of Congress Classification
Koha item type Books
Holdings
Withdrawn status Lost status Source of classification or shelving scheme Damaged status Home library Current library Shelving location Date acquired Total Checkouts Full call number Barcode Date last seen Copy number Price effective from Koha item type
    Library of Congress Classification   Luxembourg Library Luxembourg Library Grade School Section 09/20/2013   PE 1128 .Al425g5 2008 18954 10/28/2015 1 09/20/2013 Books
    Library of Congress Classification   Luxembourg Library Luxembourg Library Grade School Section 09/20/2013   PE 1128 .Al425g5 2008 18955 09/20/2013 2 09/20/2013 Books
    Library of Congress Classification   Luxembourg Library Luxembourg Library Grade School Section 09/20/2013   PE 1128 .Al425g5 2008 18956 09/20/2013 3 09/20/2013 Books

Grammar skills 5 /

APA

Allen R., . (2005). Grammar skills 5. Singapore: Learners Publiching.

Chicago

Allen Rosemary, . 2005. Grammar skills 5. Singapore: Learners Publiching.

Harvard

Allen R., . (2005). Grammar skills 5. Singapore: Learners Publiching.

MLA

Allen Rosemary, . Grammar skills 5. Singapore: Learners Publiching. 2005.

  • Place hold
  • Print
  • Cite
  • Add to your cart (remove)
  • Save record
    BIBTEX Dublin Core MARCXML MARC (non-Unicode/MARC-8) MARC (Unicode/UTF-8) MARC (Unicode/UTF-8, Standard) MODS (XML) RIS
  • More searches
    Search for this title in:
    Other Libraries (WorldCat) Other Databases (Google Scholar) Online Stores (Bookfinder.com) Open Library (openlibrary.org)

Exporting to Dublin Core...

SOUTHVILLE LIBRARY

Southville International School and Colleges Library

1281 Tropical Ave. Cor. Luxembourg St., BF Homes International, Las Pinas City

Tel. No. 8256374 / 252358 Loc. 117/146

Powered by Koha